000 00907nam a2200277 a 4500
003 MX-MxUPN
005 20241009063717.0
008 991125s1966 ag a fr 000 0 spa d
035 _aUPN01000017413
040 _aMX-MxUPN
_bspa
_cMX-MxUPN
041 _aspa
_hfre
050 4 _aLB1177
_bC638
100 1 _aCompagnon, Germaine
_953955
100 1 _aThomet, Maurise
_953957
245 1 0 _aEducación del sentido rítmico
246 3 _aÉducation du sens rythmique
260 _aBuenos Aires :
_bEditorial Kapelusz,
_c1966.
300 _a109 páginas :
_bilustraciones
490 0 _aPedagogía práctica
650 4 _aJardín de niños
_xMúsica
_915673
700 1 _aThomas, Juan Jorge
_etraducción
_953959
710 2 _951353
_aCentro Nacional de Documentación e Información Educativa (México)
_epropietario anterior
902 _bMaríaRobles/081024
905 _aLibro
942 _2lcc
_cLIBRO
_n0
999 _c17413
_d17413